Олекса Довбуш (1700–1745) (Запис № 307043)

МАРК-запис
000 -Лідер
fixed length control field 00778nam a22002657a 4500
001 - Контрольний номер
control field 20858
003 - Ідентифікатор контрольного номера
control field UA-OsUOA
005 - Дата та час останнього входження (трансакції)
control field 20260304101417.0
007 - Фіксоване поле фізичного опису
fixed length control field ta
008 - Елементи даних фіксованої довжини – загальна інформація
fixed length control field 20031105b un ||||| |||| 00| 0 ukr d
020 ## - Міжнародний стандартний книжковий номер (ISBN)
Міжнародний стандартний книжковий номер (ISBN) (НП) 5777301185
040 ## - Джерело каталогізації
Агенція оригінальної каталогізації UA-OsUOA
Мова каталогізації ukr
Агенція, яка здійснювала перезапис UA-OsUOA
Агенція, яка здійснювала модифікацію UA-OsUOA
041 ## - Код мови
Код мови тексту/ звукової доріжки чи окремого заголовка (П) ukr
044 ## - Код країни видавця/ виробника
Код країни видавця/ виробника (П) UA
080 ## - Індекс Універсальної десяткової класифікації
Індекс Універсальної десяткової класифікації (УДК) (НП) 94(477).044:929
090 ## - Локальний шифр розміщення
Класифікаційний індекс УДК 94 (477).044:929
Авторський знак (НП) Г75
100 ## - Основне введення – ім’я особи
Ім’я особи (НП) Грабовецький В.
9 (RLIN) 23110
245 ## - Відомості про назву
Назва (НП) Олекса Довбуш (1700–1745)
Дані про відповідальність (НП) Володимир Грабовецький
260 ## - Публікація, розповсюдження і т.п. (Вихідні дані)
Місце публікації, розповсюдження і т.п. (П) Львів
Ім’я/ наймення видавництва, розповсюджувача і т.п. (П) Світ
Дата публікації, розповсюдження і т.п. (П) 1994
300 ## - Фізичний опис
Обсяг 272 с.
650 #7 - Додаткове предметне введення – тематичний термін
Джерело заголовка чи терміна UDC
Тематичний термін чи географічна назва, як елемент введення (НП) 94(477) Історія України
9 (RLIN) 40
942 ## - Додаткові елементи входу (Коха)
Тип елемента Koha Книги
Source of classification or shelving scheme Universal Decimal Classification
955 ## - Код типу видання за змістом
Код типу видання за змістом (НП) Наукові видання
Фонди
Стан вилучень Стан втрат Джерело класифікації або схеми стелажів Стан уражень Не для кредиту Постійне місце розташування Поточне розміщення Дата придбання Вартість, звичайна ціна покупки Інвентарний номер Усього замовленно Повний номер виклику Штрих-код Дата останнього перегляду Ціна ефективна від Тип елемента Koha Код колекції Джерело придбання Вартість, ціна заміни
    Universal Decimal Classification     АБ - Абонемент НБ АБ - Абонемент НБ 05/11/2003 2.00 217   94 (477).044:929 Г75 217 09/05/2022 05/11/2003 Книги      
    Universal Decimal Classification     АБ - Абонемент НБ АБ - Абонемент НБ 05/11/2003   218   94 (477).044:929 Г75 218 09/05/2022 05/11/2003 Книги      
    Universal Decimal Classification     АБ - Абонемент НБ АБ - Абонемент НБ 05/11/2003 19.33 219   94 (477).044:929 Г75 219 09/05/2022 05/11/2003 Книги      
    Universal Decimal Classification     АБ - Абонемент НБ АБ - Абонемент НБ 05/11/2003 14.00 220   94 (477).044:929 Г75 220 09/05/2022 05/11/2003 Книги      
    Universal Decimal Classification     АБ - Абонемент НБ АБ - Абонемент НБ 05/11/2003 19.33 221   94 (477).044:929 Г75 221 09/05/2022 05/11/2003 Книги      
    Universal Decimal Classification     АБ - Абонемент НБ АБ - Абонемент НБ 03/02/2026 20.00     94 (477).044:929 Г75 169284 03/02/2026 03/02/2026 Книги Колекція Шевчука Валерія №03/21.01.2026 20.00